000 00763nam a2200253 i 4500
001 bgj
245 1 0 _aThe tragic voice :
_bShakespeare /
_cgeneral editor Albert R. Kitzhaber ; literature editor Stoddard Malarkey ; Donald Macrae.
260 _aNew York :
_bHolt, Rinehart and Winston,
_ccop. 1974.
300 _aVII, 384 s. :
_bil. ;
_c24 cm.
600 1 _aShakespeare, William
_d(1564-1616)
650 9 _aLiteratura angielska
650 9 _aDramat angielski
700 1 _aKITZHABER, Albert R.
700 1 _aMALARKEY, Stoddard.
700 1 _aMACRAE, Donald.
020 _a0030109310
040 _cBPK
041 0 _aeng
044 _aUSA
080 _a821.111
920 _a0-03-010931-0
942 _cKS
008 s uk f |000 0 eng
999 _c50051
_d50051
856 _uhttp://koha.tu.koszalin.pl/cgi-bin/koha/opac-detail.pl?biblionumber=50051
_yKatalog online BPK